00726cam a22002173 4500001001300000003000400013005001700017008004100034010001700075040001300092050002200105051001700127100001900144245011400163260003000277300001800307490001900325600003400344830011300378999001700491tmp92006391 DLC20260227112753.0050520s1903 dcu 000 0beng  atmp92006391  aDLCcDLC00aE464b.M54 no. 47 aE457.15bK651 aKniffin, G. C.03aAn interview with Abraham Lincoln,cprepared by G.C. Kniffin and read at the stated meeting of March 6, 1903. a[Washington, D.C.,c1903] a13 p.c23 cm.1 aWar papersv4710aLincoln, Abraham,d1809-1865. 0aWar papers (Military Order of the Loyal Legion of the United States. District of Columbia Commandery) ;v47. c91043d91043